Characteristics of droplet transfer of electrode metal during MMA depending on the chemical composition of the material of the rod of the coated electrode; IOP Conference Series: Materials Science and Engineering; Vol. 939 : Innovations in Engineering and Technology

Podrobná bibliografie
Parent link:IOP Conference Series: Materials Science and Engineering
Vol. 939 : Innovations in Engineering and Technology.— 2020.— [012028, 6 p.]
Hlavní autor: Ilyashchenko D. P. Dmitry Pavlovich
Korporativní autor: Национальный исследовательский Томский политехнический университет Юргинский технологический институт
Další autoři: Chebotarev V. P. Vladimir Pavlovich, Sapozhkov S. B. Sergey Borisovich
Shrnutí:Title screen
This article presents the results of experimental studies of the effect of the coated electrode material for MMA welding on the droplet transfer parameters of electrode metal. It has been established that the use of coated electrodes based on copper (OZCH-4) and aluminum (Castolin EC 4001) alloys, compared to traditionally used metal rod based electrodes (Sabaros me20|10, LB-52U), affects the mass transfer characteristics of droplets electrode metal, in the form of an increase in the average duration of arc burning at intervals of melting of the electrode and the period of formation of drops of electrode metal up to 4 times.
Jazyk:angličtina
Vydáno: 2020
Témata:
On-line přístup:http://earchive.tpu.ru/handle/11683/64895
https://doi.org/10.1088/1757-899X/939/1/012028
Médium: MixedMaterials Elektronický zdroj Kapitola
KOHA link:https://koha.lib.tpu.ru/cgi-bin/koha/opac-detail.pl?biblionumber=663399

MARC

LEADER 00000naa0a2200000 4500
001 663399
005 20250813132542.0
035 |a (RuTPU)RU\TPU\network\34568 
035 |a RU\TPU\network\34567 
090 |a 663399 
100 |a 20210209d2020 k y0engy50 ba 
101 0 |a eng 
102 |a GB 
135 |a vrgn ---uucaa 
181 0 |a i  
182 0 |a b 
200 1 |a Characteristics of droplet transfer of electrode metal during MMA depending on the chemical composition of the material of the rod of the coated electrode  |f D. P. Ilyashchenko, V. P. Chebotarev, S. B. Sapozhkov 
203 |a Text  |c electronic 
300 |a Title screen 
320 |a [References: 9 tit.] 
330 |a This article presents the results of experimental studies of the effect of the coated electrode material for MMA welding on the droplet transfer parameters of electrode metal. It has been established that the use of coated electrodes based on copper (OZCH-4) and aluminum (Castolin EC 4001) alloys, compared to traditionally used metal rod based electrodes (Sabaros me20|10, LB-52U), affects the mass transfer characteristics of droplets electrode metal, in the form of an increase in the average duration of arc burning at intervals of melting of the electrode and the period of formation of drops of electrode metal up to 4 times. 
461 1 |0 (RuTPU)RU\TPU\network\2008  |t IOP Conference Series: Materials Science and Engineering 
463 |t Vol. 939 : Innovations in Engineering and Technology  |o III International Scientific and Practical Conference, 25-26 June 2020, Veliky Novgorod, Russian Federation  |o [proceedings]  |v [012028, 6 p.]  |d 2020 
610 1 |a электронный ресурс 
610 1 |a труды учёных ТПУ 
700 1 |a Ilyashchenko  |b D. P.  |c specialist in the field of welding production  |c Associate Professor of the Yurga Technological Institute (branch) of Tomsk Polytechnic University, Candidate of Technical Sciences  |f 1980-  |g Dmitry Pavlovich  |3 (RuTPU)RU\TPU\pers\34519  |9 17900 
701 1 |a Chebotarev  |b V. P.  |g Vladimir Pavlovich 
701 1 |a Sapozhkov  |b S. B.  |c specialist in the field of welding production  |c Professor of Yurga technological Institute of Tomsk Polytechnic University, doctor of technical sciences  |f 1972-  |g Sergey Borisovich  |3 (RuTPU)RU\TPU\pers\37389  |9 20307 
712 0 2 |a Национальный исследовательский Томский политехнический университет  |b Юргинский технологический институт  |c (2009- )  |3 (RuTPU)RU\TPU\col\15903 
801 1 |a RU  |b 63413507  |c 20150101  |g RCR 
801 2 |a RU  |b 63413507  |c 20210324  |g RCR 
856 4 |u http://earchive.tpu.ru/handle/11683/64895 
856 4 |u https://doi.org/10.1088/1757-899X/939/1/012028 
942 |c CF